000 00717nam a22002417a 4500
005 20170124110215.0
010 _a663891
020 _c00.00
_a0233958363
035 _a663891
037 _bCen Lib/Ret
040 _aDPL
_bEN
082 _a025.1
_bNEE
100 _aNeedham, C. D.
_935815
245 _aOrganizing knowledge in libraries :
_cby C. D. Needham
_ban introduction to information retrieval /
250 _a2nd rev. ed
260 _bAndre Deutsch
_aLondon
_c1971
270 _bLondon
_a105 Great Russell Street
300 _a448p.
_c21cm(Hb)
500 _aIncludes index
650 _aCataloging
_973151
650 _aBook Classification
_938882
942 _2ddc
_cEN
_h025.1
_mNEE
999 _c133774
_d133774